The definitive handbook of business continuity management (Record no. 114877)
[ view plain ]
| 000 -LEADER | |
|---|---|
| fixed length control field | 01497nam a2200373 a 4500 |
| 082 04 - DEWEY DECIMAL CLASSIFICATION NUMBER | |
| Classification number | 658.4/056 |
| 245 04 - TITLE STATEMENT | |
| Title | The definitive handbook of business continuity management |
| 250 ## - EDITION STATEMENT | |
| Edition statement | 3rd ed. |
| 260 ## - PUBLICATION, DISTRIBUTION, ETC. (IMPRINT) | |
| Place of publication | Hoboken, N.J. : |
| Name of publisher | Wiley, |
| Year of publication | c2011. |
| 300 ## - PHYSICAL DESCRIPTION | |
| Number of Pages | xxxiv, 798 p. : |
| Other physical details | ill. |
| 505 0# - FORMATTED CONTENTS NOTE | |
| Formatted contents note | section 1. Achieving and maintaining business continuity : an executive overview -- section 2. Planning for business continuity : a 'how-to' guide. |
| 650 #0 - SUBJECT ADDED ENTRY--TOPICAL TERM | |
| Topical Term | Crisis management. |
| Topical Term | Emergency management. |
| Topical Term | Business planning. |
| 700 1# - ADDED ENTRY--PERSONAL NAME | |
| Personal name | Hiles, Andrew. |
| 856 40 - ELECTRONIC LOCATION AND ACCESS | |
| Uniform Resource Identifier | http://site.ebrary.com/lib/rucke/Doc?id=10469779 |
No items available.
